Liste des personnages de Mario Party - Statistiques

Statistiques générales
  • Ce quiz a été pris 774 fois
    701 depuis la dernière actualisation
  • Le résultat moyen est 152 sur 171
Statistiques - réponses
Jeux Personnages % Correct
Mario Party | Mario Party 10 | Mario Party 2 | +14 others Mario
100%
Mario Party | Mario Party 10 | Mario Party 2 | +14 others Luigi
99%
Mario Party | Mario Party 10 | Mario Party 2 | +14 others Peach
99%
Mario Party 10 | Mario Party 3 | Mario Party 4 | +10 others Daisy
96%
Mario Party | Mario Party 10 | Mario Party 2 | +13 others Wario
96%
Mario Party | Mario Party 10 | Mario Party 2 | +14 others Yoshi
96%
Mario Party 10 | Super Mario Party Bowser
95%
Mario Party 10 | Mario Party 3 | Mario Party 4 | +11 others Waluigi
95%
Mario Party 10 | Mario Party 5 | Mario Party 6 | +6 others Toad
92%
Mario Party | Mario Party 10 | Mario Party 2 | +5 others Donkey Kong
90%
Mario Party Superstars Harmonie
83%
Mario Party 9 | Super Mario Party Koopa
80%
Mario Party 5 | Mario Party 6 | Mario Party 7 | +3 others Boo
77%
Mario Party : Island Tour | Super Mario Party Bowser Jr.
77%
Mario Party 10 | Mario Party : Star Rush | Mario Party : The Top 100 | Super Mario Party Harmonie
77%
Mario Party 7 | Mario Party 8 | Mario Party 9 | Mario Party Superstars Birdo
75%
Mario Party 10 | Mario Party 6 | Mario Party 7 | +2 others Toadette
75%
Mario Party : Star Rush | Super Mario Party Diddy Kong
70%
Mario Party 9 | Super Mario Party Maskass
62%
Mario Party 7 | Mario Party 8 | Super Mario Party Skelerex
62%
Super Mario Party Goomba
61%
Mario Party 9 Kamek
54%
Mario Party 8 | Super Mario Party Frère Marto
34%
Super Mario Party Topi Taupe
33%
Mario Party 8 Bloups
29%
Mario Party 10 Spike
29%
Super Mario Party Poum Poum
21%
Mario Party 5 | Mario Party 6 Mini Bowser
16%
Aucun quiz correspondant
Distribution des résultats
% des personnes avec chaque résultat
Percentile par nombre de réponses
Votre historique - résultats
Vous n’avez pas pris ce quiz depuis la dernière actualisation